| 000 | 00387 a2200157 4500 | ||
|---|---|---|---|
| 001 | 48368 | ||
| 020 | _a9788555430978 | ||
| 040 | _cAnchieta - Bela Vista | ||
| 100 | _aKunnas, Mauri | ||
| 240 | 1 | 0 |
_aAs sete maravilhas do Sr. Sonâmbulo _lpor |
| 245 | 1 | 0 | _aAs sete maravilhas do Sr. Sonâmbulo |
| 300 | _a53 p. | ||
| 362 | 0 | _a2017 | |
| 650 | 4 | _aLiteratura infanto-juvenil | |
| 942 | _cBK | ||
| 999 |
_c48368 _d48368 |
||